| 000 | 00406nam a2200121Ia 4500 | ||
|---|---|---|---|
| 008 | 220204s9999 xx 000 0 und d | ||
| 082 |
_a338.43.01 _bNRP.28 |
||
| 100 | _aJOSEPH, KJ | ||
| 245 | 0 | _aTowards a sustainable system of innovation: The case of plantation sector in Kerala | |
| 260 |
_aThiruvananthapuram _bCentre for Development Studies _c2013 |
||
| 490 | _aNRPPD Discusison paper No.28 | ||
| 942 | _cBK | ||
| 999 |
_c44579 _d44579 |
||